Esofaguectomía toracolaparoscópica para cáncer de esófago: serie de casos y resultados perioperatorios en un Hospital Nacional del Perú (2022–2026) (Registro nro. 22521)
[ vista simple ]
| 000 -Cabecera | |
|---|---|
| Campo de control interno | 02002nam a2200229 4500 |
| 001 - Número de control | |
| control field | ESSALUD |
| 007 - Tipo material - Descripcion fisica - info general | |
| Tipo material - Descripcion fisica - info general | ta |
| 008 - Elementos de Longitud Fija - Información General | |
| Elementos de Longitud Fija - Información | t2026 pe ||||| |||| 00| 0 spa d |
| 040 ## - Origen de la Catalogación | |
| Origen de la Catalogación | BMG |
| 041 ## - Idioma | |
| Idioma | spa |
| 100 ## - Autor | |
| Autor | Orellana Vicuña, Arturo |
| Rol del Autor | autor |
| 9 (RLIN) | 52700 |
| 245 ## - Titulo | |
| Titulo | Esofaguectomía toracolaparoscópica para cáncer de esófago: serie de casos y resultados perioperatorios en un Hospital Nacional del Perú (2022–2026) |
| 300 ## - Páginas | |
| Paginación | páginas 39-45 |
| 520 ## - Resumen | |
| Resumen | La esofaguectomía toracolaparoscópica es una técnica mínimamente invasiva para el cáncer de esófago, asociada a menor morbilidad y adecuada radicalidad oncológica y es piedra angular del tratamiento multimodal con intención curativa. El objetivo del estudio fue evaluar resultados iniciales de pacientes sometidos a esofaguectomía toracolaparoscópica en un hospital nacional del Perú. Serie de casos con seguimiento de 30–60 días. Se incluyeron pacientes con cáncer de esófago resecable sometidos a abordaje toracoscópico, laparoscópico y cervicotomía con linfadenectomía de dos campos (2022–2026). Se incluyeron 11 pacientes (54,5% mujeres), edad media 61,9 años. El tiempo operatorio medio fue 371,5 min y la pérdida sanguínea 108,8 ml. No hubo complicaciones intraoperatorias. Las principales complicaciones posoperatorias fueron neumonía (45,5%) y fuga anastomótica (36,4%). La estancia hospitalaria media fue 61,4 días. No hubo mortalidad en periodo seguimiento. La esofaguectomía toracolaparoscópica es factible y segura en un hospital de referencia, con resultados perioperatorios aceptables y nula mortalidad a corto plazo. |
| 650 ## - Temas - Descriptores | |
| Temas - Descriptores | NEOPLASIAS ESOFÁGICAS |
| 9 (RLIN) | 12589 |
| 650 ## - Temas - Descriptores | |
| Temas - Descriptores | CARCINOMA DE CÉLULAS ESCAMOSAS DE ESÓFAGO |
| 9 (RLIN) | 52701 |
| 650 ## - Temas - Descriptores | |
| Temas - Descriptores | ESOFAGECTOMÍA |
| 9 (RLIN) | 52702 |
| 650 ## - Temas - Descriptores | |
| Temas - Descriptores | SEGURIDAD SOCIAL |
| 9 (RLIN) | 2070 |
| 650 ## - Temas - Descriptores | |
| Temas - Descriptores | PERÚ |
| 9 (RLIN) | 13 |
| 773 0# - Revista (Relacion con el numero) | |
| Host Biblionumber | 22497 |
| Host Itemnumber | 22595 |
| Ciudad, Editorial | Lima : IETSI |
| Codigo barras item/ejemplar | CITES01 |
| Titulo de la Revista | Ciencia y Tecnología aplicada a la Salud Pública |
| Número de control de registro | ESSALUD |
| ISSN | 3119-7981 |
| 942 ## - Elementos de Koha | |
| Tipo de Documento | Artículos |
| Fecha procesamiento | 2026-06-11 |
| Catalogador | AFC |
No hay ítems disponibles.